00805nam a22002052a 450000100060000000300080000600500170001400800410003103500190007204000370009104100080012808200220013624501700015826000520032830000420038050400280042265100350045070000300048571000840051522225BD-RjUL20211209000800.0500101s1955 enk 001 0 eng u a(BD-RjUL)22290 aCSUdOCLdUKMdEQObengcBD-RjUL aeng a309.156bSOC 196810aSocial forces in the Middle East. /c[Papers presented at a conference sponsored by the Committee on the Near and Middle East of the Social Science Research Council] aIthaca, N.Y :bCornell University Press,c1968. axvi,282p. :bmaps(part fold.);c24cm. aBibliography: p.263-274 0aMiddle EastxSocial conditions aFisher, Sydney Nettleton,2 aSocial Science Research Council (U.S.).bCommittee on the Near and Middle East.